000 00658nam a2200217Ia 4500
003 OSt
005 20220114033943.0
008 160504b xxu||||| |||| 00| 0 eng d
020 _a133969460
040 _aMMU
_beng.
_cMMU
_dMMU
050 _aTS176
_b .P694 1996
100 _aPrasad, Biren
245 _aConcurrent engineering fundamentals (vol 11):
_b Intergrated product development/
_c Biren Prasad.
260 _aNew Jersey :
_bPrentice hall,
_c1996.
300 _axxxviii, 490 p. :
_bill. ;
500 _aIncludes index.
500 _aIncludes index.
600 _aBiren prasad
650 _a_Production engineering
942 _2lcc
_cLOAN LOAN
999 _c13301
_d13301